01210nam a22003377a 4500003000500000005001700005008004100022010001000063011001000073035001000083040000900093082001500102100002600117245005300143260003100196300001000227490007100237590004100308590004100349590004200390650003200432650003200464650003100496700003000527830007800557901000700635942001000642949006800652999001700720952013500737CHAP20220329135631.0971013s1967 r 00010 d a39681 a40653 a44779 cCHAP a338.1bM6400aMoore, John R.978077 aU.S. investment in Latin America Food processing aNew York :bPraeger,c1967 a208 p aPraeger special studies in international economics and development aBATCH-UPDb10c20130110lUCH01h0012 aBATCH-UPDb10c20130110lUCH01h1148 aCONVERSIONb10c20130109lUCH01h132214aAlimentosxIndustria.9422714aAlimentosxIndustria.9422714aInversionesxE.U.A.9601830 aPadovano, Frank A.9846830 aPraeger special studies in international economics and development991280 aBK cLIBRO a338.1 M64bBCcLIBROd33724000345732eLIBROh43406i44779mDsi c39681d39681 00102ddc4052708GRALaBCbBCcPA_GRALd2019-12-31fLIBROl0o338.1 M64p33724000345732r2019-12-31 00:00:00w2019-12-31yLIBRO